Vista normal
Vista MARC
Entrada Personal Name
Número de registros utilizados en: 1
001 - CONTROL NUMBER
- control field: 17452
003 - CONTROL NUMBER IDENTIFIER
- control field: DLC
005 - DATE AND TIME OF LATEST TRANSACTION
- control field: 20250911113343.0
008 - FIXED-LENGTH DATA ELEMENTS
- fixed length control field: 920727n| acannaab |a aaa c
010 ## - LIBRARY OF CONGRESS CONTROL NUMBER
- LC control number: no 92018378
040 ## - CATALOGING SOURCE
- Original cataloging agency: MoSU-L
- Language of cataloging: spa
- Transcribing agency: Mx-PuUPA
- Modifying agency: MoSU-L
- Modifying agency: DLC
- Modifying agency: Mx-PuUPA
- Description conventions: rda
046 ## - SPECIAL CODED DATES
- Birth date: 1892
100 1# - HEADING--PERSONAL NAME
- Personal name: Hertling, Ludwig,
- Titles and other words associated with a name: Freiherr von,
- Dates associated with a name: 1892-
374 ## - OCCUPATION
- Occupation: Autor
375 ## - GENDER
- Gender: hombre
377 ## - ASSOCIATED LANGUAGE
- Language code: eng
400 1# - SEE FROM TRACING--PERSONAL NAME
- Personal name: Hertling, L.
- Fuller form of name: (Ludwig),
- Titles and other words associated with a name: Freiherr von,
- Dates associated with a name: 1892-
400 1# - SEE FROM TRACING--PERSONAL NAME
- Personal name: Von Hertling, Ludwig,
- Titles and other words associated with a name: Freiherr,
- Dates associated with a name: 1892-
670 ## - SOURCE DATA FOUND
- Source citation: His The Roman catacombs and their martyrs, 1956:
- Information found: t.p. (Ludwig Hertling, S.J.)
670 ## - SOURCE DATA FOUND
- Source citation: His Le catacombe romane ... 1949:
- Information found: t.p. (L. Hertling, S.I.)
670 ## - SOURCE DATA FOUND
- Source citation: LC in OCLC, 7-20-92
- Information found: (hdg.: Hertling, Ludwig, Freiherr von, 1892- )